00390nam a2200145Ia 4500008004100000020001500041041000800056082001600064100001900080245006300099250000600162260004000168300001100208650002500219210716s1999 xx 000 0 und d a8173712816 aeng a004.69 NAUJ aNaughton,John. aBrief history of the future.bThe origins of the internet. a1 aNew DelhibUniversities Pressc1999 aXV,320 aInternet / Mutimedia